000 nam a22 7a 4500
999 _c9253
_d9253
008 180125b ||||| |||| 00| 0 eng d
100 _aSharma N
_92117
245 _aUnderstanding Adolescence
260 _aNew Delhi
_bNPT
_c1999